Indian economy : (Record no. 1114)

MARC details
000 -LEADER
fixed length control field 00458cam a2200181ua 4500
008 - FIXED-LENGTH DATA ELEMENTS--GENERAL INFORMATION
fixed length control field 110616n ii |||gr||||Z||||||eng
040 ## - CATALOGING SOURCE
Transcribing agency MAIN
082 ## - DEWEY DECIMAL CLASSIFICATION NUMBER
Classification number 330.954
245 10 - TITLE STATEMENT
Title Indian economy :
Remainder of title its nature and problems /
Statement of responsibility, etc. by Alak Ghosh
250 ## - EDITION STATEMENT
Edition statement 16th ed.
260 ## - PUBLICATION, DISTRIBUTION, ETC.
Place of publication, distribution, etc. Calcutta:
Name of publisher, distributor, etc. The world press,972.
300 ## - PHYSICAL DESCRIPTION
Extent xxiv, 662p.:
Dimensions 32cm.
700 1# - ADDED ENTRY--PERSONAL NAME
Personal name Ghosh, Alak,
942 ## - ADDED ENTRY ELEMENTS (KOHA)
Koha item type Books
653 ## - INDEX TERM--UNCONTROLLED
Uncontrolled term Economics
653 ## - INDEX TERM--UNCONTROLLED
Uncontrolled term Indian economy
Holdings
Withdrawn status Lost status Damaged status Not for loan Home library Current library Shelving location Date acquired Total Checkouts Full call number Barcode Date last seen Copy number Price effective from Koha item type
        Naharkatiya College Library Naharkatiya College Library   19/09/2020   330.954 | GHO 2033 19/09/2020 1 19/09/2020 Books

Naharkatiya College © 2020. All rights reserved.

Powered By